000 01050nam a22002177a 4500
999 _c56147
_d56147
005 20260302095152.0
008 s2551 th tha d
020 _a9789747725544
040 _aNALT
041 _atha
090 _aKE 15
_bศ365ห 2551
110 2 _aสำนักงานศาลรัฐธรรมนูญ
_96436
245 1 0 _aหลักการตีความกฎหมายมหาชน /
_cกลุ่มผู้เชี่ยวชาญด้านคดีและวิชาการ สำนักงานศาลรัฐธรรมนูญ.
260 _aกรุงเทพฯ :
_bสำนักงานศาลรัฐธรรมนูญ,
_c2551.
300 _a184 หน้า ;
_b
_c21 ซม.
650 4 _aกฎหมายมหาชน
_940141
_xการตีความ
850 _aNALT
856 4 0 _uhttps://hdl.handle.net/20.500.14156/301246
_71
942 _cLB
_022
_2local
998 _j111
_k นางสาวพจพิณ พรมเอี่ยม